000 00609nam a2200229Ia 4500
003 OSt
005 20220923225740.0
006 a|||||r|||| 00| 0
007 ta
008 Pun
024 _a274,412
037 _cTextual
040 _aARTS
_cARTS
_bPun
041 _2Pun
_aPun
082 _aO153:g, K0
100 _aਕਾਂਗ, ਕੁਲਜੀਤ ਸਿੰਘ
245 0 _aਸਾਹਿਤਯ ਚਿੰਤਨ
260 _c1960
650 _aਪੰਜਾਬੀ ਸਾਹਿਤ
942 _hO153:g, K0
_cTEXL
_2CC
999 _c380146
_d380146